Zotmilo sa-

Bibliographic Details
Main Author: Kočík, Tibor, 1952- (Author)
Format: Article
Language:Slovak
Subjects:

MARC

LEADER 00000nab a2200000 a 4500
001 vtls000699650
003 SK-MaSNL
005 20260304221620.0
008 250425c1999 xo 0 slo
015 |a SNBRB1999/09-21133 
035 |a CLN000051817 
035 |a urn:nbn:sk:snk-abd3h0 
035 |a (urnnbn)urn:nbn:sk:snk:ar-002ifw 
035 |a (uuid)474cefa1-c7a5-4aec-a7bf-212be69b8e79 
040 |a SNKBUCL  |b slo  |c SNKBUCL  |e AACR2 
041 0 |a slo 
044 |a xo  |c SK 
080 |a 885.4-1  |2 1997 
100 1 |a Kočík, Tibor,  |d 1952-  |4 aut  |9 226335 
245 1 0 |a Zotmilo sa-  |c Tibor Kočík 
500 |a Datované Košice-Myslava 21.8.1999. Pri hrobe básnika Blažeja Krasnovského 
600 1 7 |a Krasnovský, Blažej,  |d 1951-1999  |2 snkbucl  |9 198759 
655 7 |a slovenská poézia  |2 snkbucl  |9 70444 
655 7 |a dedikačná poézia  |2 snkbucl  |9 240053 
655 7 |a články z novín a časopisov  |2 snkbucl  |9 267496 
773 0 |t Slovo : časopis gréckokatolíckej cirkvi  |g Roč. 31, č. 18 (1999), s. 5 
850 |a Slovenská národná knižnica 
852 |a Slovenská národná knižnica 
954 |a beletria pôvodná (slovenská)  |2 lita 
958 |a article17 
958 |a LX 
958 |a SK 
958 |a OND 
958 |a EUIPO 
992 |a RBX 
999 |c 3158985  |d 3160915